| 000 | 00546nam a2200217 a 4500 | ||
|---|---|---|---|
| 001 | 0001-2000 | ||
| 003 | ELIB.Books | ||
| 008 | 190604 2010 eng | ||
| 020 | _aKBTS | ||
| 092 |
_a241 Til _bTil |
||
| 100 | _aTillich, Paul. | ||
| 245 | _aMorality and Beyond | ||
| 260 |
_aNew York _bHarper & Row Publishers _c1963 |
||
| 300 |
_a95 _c21 Cm |
||
| 650 | _aChristian Ethics | ||
| 856 |
_nKBTS Library _uKBTS Elib |
||
| 942 |
_2ddc _cBK |
||
| 990 | _a1 | ||
| 998 |
_aEnglishbooks.elf _ccat _e2019-06-04 |
||
| 999 |
_c12000 _d12000 |
||